000 00476nam a2200181Ia 4500
003 GCL
008 140319s9999 xx 000 0 eng d
020 _a0345370775
040 _aGCL /
_cGCL
082 0 4 _a823
_bC J
100 1 _aCRICHTON, MICHAEL
245 1 0 _aJURASSIC PARK /
_cCRICHTON, MICHAEL
260 _aنيويورك :
_bBALLANTINE BOOKS ،
_c1990
300 _a18 CM ؛
_c399 P
650 0 4 _aAMERICAN FICTION
650 0 4 _aAMERICAN LITERATURE
942 _2ddc
_cBK
999 _c4668
_d4668